Представление документа в формате MARC21

ПолеНазваниеЗначение
  Тип записи a
  Библиографический уровень m
001 Контрольный номер RU/URAIT/583410
005 Дата корректировки 20260429163703.4
008 Кодируемые данные 260429s2026 RU y f j 000 0 rus u
020 Индекс ISBN __
a ISBN 978-5-534-16008-6
c Цена, тираж 1749.00
040 Источник каталогиз. __
a Служба первич. каталог. ИКО Юрайт
c Служба, преобразующая запись ИКО Юрайт
e Правила каталог. RCR
041 Код языка издания __
a Код языка текста rus
044 Код страны публикации __
a Код страны публикации RU
080 Индекс УДК __
a Индекс УДК 314(075.8)
084 Индекс другой классификации/Индекс ББК __
2 Источник индекса rubbk
a Индекс другой классификации/Индекс ББК 60.7я73
100 Автор __
a Автор Карманов М. В.
q Полное имя Карманов Михаил Владимирович
245 Заглавие __
a Заглавие Демография
b Продолж. заглавия учебник и практикум для вузов
c Ответственность М. В. Карманов [и др.] ; под общей редакцией М. В. Карманова.
250 Сведения об издании __
g пер. и доп
a Основные сведения об издании 2-е изд.
256 Характеристики компьютерного файла __
a Характеристики компьютерного файла Электрон. дан.
260 Выходные данные __
a Место издания Москва
b Издательство Юрайт
c Дата издания 2026
300 Физическое описание __
a Объем 327 с
440 Серия __
a Серия Высшее образование
500 Примечания __
a Примечание URL: https://urait.ru/bcode/583410 (дата обращения: 29.04.2026).
520 Аннотация __
a Аннотация Изложены основные теоретические, методические и практические вопросы использования демографической информации, а также применения математико-статистических методов ее анализа для решения широкого спектра управленческих задач, связанных с оценкой влияния демографических процессов на развитие общества. В целях последовательного и успешного усвоения предлагаемого материала в состав курса по темам включены контрольные вопросы, указания по решению типовых задач, набор задач для самопроверки, варианты заданий для организации научно-исследовательской работы и тематика форумов для обсуждения актуальных проблем современной демографии. Соответствует актуальным требованиям федерального государственного образовательного стандарта высшего образования. Для студентов вузов, обучающихся по направлениям «Экономика», «Менеджмент», также курс будет полезен аспирантам и преподавателям образовательных организаций высшего образования.
538 Прим. о системных особенностях __
a Прим. о системных особенностях Режим доступа: Электронно-библиотечная система Юрайт, для авториз. пользователей
653 Ключевые слова __
a Ключевые слова Специальные социологические дисциплины
653 Ключевые слова __
a Ключевые слова Общественные науки
653 Ключевые слова __
a Ключевые слова Демография
653 Ключевые слова __
a Ключевые слова Социальная демография
653 Ключевые слова __
a Ключевые слова Демографический анализ
653 Ключевые слова __
a Ключевые слова Демографическое прогнозирование
653 Ключевые слова __
a Ключевые слова Источники демографической информации и наблюдение в демографии
653 Ключевые слова __
a Ключевые слова Миграция и демографическое развитие
653 Ключевые слова __
a Ключевые слова Экономическая демография
653 Ключевые слова __
a Ключевые слова Методы демографического анализа и прогноза
653 Ключевые слова __
a Ключевые слова Модели для анализа и прогноза демографических процессов
653 Ключевые слова __
a Ключевые слова Демографическое прогнозирование и моделирование
653 Ключевые слова __
a Ключевые слова Основы демографии
653 Ключевые слова __
a Ключевые слова Демографические аспекты безопасности государства
653 Ключевые слова __
a Ключевые слова Практическая демография
653 Ключевые слова __
a Ключевые слова Социально-экономическая статистика и демография
653 Ключевые слова __
a Ключевые слова Государственное регулирование демографических процессов
653 Ключевые слова __
a Ключевые слова Демографическая безопасность РФ
653 Ключевые слова __
a Ключевые слова Методология исследования экономических и демографических процессов
653 Ключевые слова __
a Ключевые слова Социологические исследования как инструмент изучения социальных отношений в экономике и демографии
653 Ключевые слова __
a Ключевые слова Моделирование демографических процессов
653 Ключевые слова __
a Ключевые слова Основы социальной демографии
653 Ключевые слова __
a Ключевые слова Демографическая ситуация и проблемы занятости в развитых странах
653 Ключевые слова __
a Ключевые слова Социально-демографические вопросы развития городов
653 Ключевые слова __
a Ключевые слова Социально-демографическая безопасность
653 Ключевые слова __
a Ключевые слова Демографические процессы в современном мире
653 Ключевые слова __
a Ключевые слова Методы социологического исследования демографических процессов в современном обществе
653 Ключевые слова __
a Ключевые слова Социология демографических процессов
653 Ключевые слова __
a Ключевые слова Анализ демографической информации
653 Ключевые слова __
a Ключевые слова Демографические процессы в современном обществе
653 Ключевые слова __
a Ключевые слова Рынок труда и демография
653 Ключевые слова __
a Ключевые слова Молодежь в демографических процессах
653 Ключевые слова __
a Ключевые слова Социально-демографические программы и проекты регионов
653 Ключевые слова __
a Ключевые слова Социальная демография городской среды
653 Ключевые слова __
a Ключевые слова Институционально- правовое обеспечение демографической безопасности
653 Ключевые слова __
a Ключевые слова Демографические процессы и политика
653 Ключевые слова __
a Ключевые слова Демография и экономика
653 Ключевые слова __
a Ключевые слова Демографическое развитие России
653 Ключевые слова __
a Ключевые слова Управление социально-демографическими процессами
653 Ключевые слова __
a Ключевые слова Государственная демографическая и национальная политика
653 Ключевые слова __
a Ключевые слова Влияние семейно-демографических процессов на социальное развитие России
653 Ключевые слова __
a Ключевые слова Методология и методика исследования семейно-демографических проблем
653 Ключевые слова __
a Ключевые слова Социально-проектная деятельность в социально-демографической сфере
653 Ключевые слова __
a Ключевые слова Оценка и мониторинг социально-демографического развития территории
653 Ключевые слова __
a Ключевые слова Социально-демографические процессы в современном обществе
700 Другие авторы __
a Другие авторы Егорова Е. А.
q Полное имя Егорова Елена Алексеевна
700 Другие авторы __
a Другие авторы Золотарева О. А.
q Полное имя Золотарева Ольга Анатольевна
700 Другие авторы __
a Другие авторы Кучмаева О. В.
q Полное имя Кучмаева Оксана Викторовна
700 Другие авторы __
a Другие авторы Смелов П. А.
q Полное имя Смелов Павел Александрович
856 Электронный адрес документа 40
n Местонахождение сервера Юрайт
g Электронная книга
q Тип электронного формата html
h Имя пользователя ЮРАЙТ
v Часы доступа к ресурсу 20271231
2 Способ доступа Показать документ
x Служебное примечание https://urait.ru/book/cover/D76D17CA-CD27-471B-AA51-2CE0AAA23A21
u URL https://urait.ru/bcode/583410
856 Электронный адрес документа 48
q Тип электронного формата cover
u URL https://urait.ru/book/cover/D76D17CA-CD27-471B-AA51-2CE0AAA23A21
911 __
u 0030=https://urait.ru/bcode/583410
911 __
u 073a=9785534160086
u 073d=1749.00
911 __
u 106a=s
911 __
u 900l=
952 Тип литературы __
i Дисциплина Демография
952 Тип литературы __
i Дисциплина Социальная демография
952 Тип литературы __
i Дисциплина Демографический анализ
952 Тип литературы __
i Дисциплина Демографическое прогнозирование
952 Тип литературы __
i Дисциплина Источники демографической информации и наблюдение в демографии
952 Тип литературы __
i Дисциплина Миграция и демографическое развитие
952 Тип литературы __
i Дисциплина Экономическая демография
952 Тип литературы __
i Дисциплина Методы демографического анализа и прогноза
952 Тип литературы __
i Дисциплина Модели для анализа и прогноза демографических процессов
952 Тип литературы __
i Дисциплина Демографическое прогнозирование и моделирование
952 Тип литературы __
i Дисциплина Основы демографии
952 Тип литературы __
i Дисциплина Демографические аспекты безопасности государства
952 Тип литературы __
i Дисциплина Практическая демография
952 Тип литературы __
i Дисциплина Социально-экономическая статистика и демография
952 Тип литературы __
i Дисциплина Государственное регулирование демографических процессов
952 Тип литературы __
i Дисциплина Демографическая безопасность РФ
952 Тип литературы __
i Дисциплина Методология исследования экономических и демографических процессов
952 Тип литературы __
i Дисциплина Социологические исследования как инструмент изучения социальных отношений в экономике и демографии
952 Тип литературы __
i Дисциплина Моделирование демографических процессов
952 Тип литературы __
i Дисциплина Основы социальной демографии
952 Тип литературы __
i Дисциплина Демографическая ситуация и проблемы занятости в развитых странах
952 Тип литературы __
i Дисциплина Социально-демографические вопросы развития городов
952 Тип литературы __
i Дисциплина Социально-демографическая безопасность
952 Тип литературы __
i Дисциплина Демографические процессы в современном мире
952 Тип литературы __
i Дисциплина Методы социологического исследования демографических процессов в современном обществе
952 Тип литературы __
i Дисциплина Социология демографических процессов
952 Тип литературы __
i Дисциплина Анализ демографической информации
952 Тип литературы __
i Дисциплина Демографические процессы в современном обществе
952 Тип литературы __
i Дисциплина Рынок труда и демография
952 Тип литературы __
i Дисциплина Молодежь в демографических процессах
952 Тип литературы __
i Дисциплина Социально-демографические программы и проекты регионов
952 Тип литературы __
i Дисциплина Социальная демография городской среды
952 Тип литературы __
i Дисциплина Институционально- правовое обеспечение демографической безопасности
952 Тип литературы __
i Дисциплина Демографические процессы и политика
952 Тип литературы __
i Дисциплина Демография и экономика
952 Тип литературы __
i Дисциплина Демографическое развитие России
952 Тип литературы __
i Дисциплина Управление социально-демографическими процессами
952 Тип литературы __
i Дисциплина Государственная демографическая и национальная политика
952 Тип литературы __
i Дисциплина Влияние семейно-демографических процессов на социальное развитие России
952 Тип литературы __
i Дисциплина Методология и методика исследования семейно-демографических проблем
952 Тип литературы __
i Дисциплина Социально-проектная деятельность в социально-демографической сфере
952 Тип литературы __
i Дисциплина Оценка и мониторинг социально-демографического развития территории
952 Тип литературы __
i Дисциплина Социально-демографические процессы в современном обществе